000 00469nam a2200181Ia 4500
008 131103s9999 xx 000 0 und d
040 _aLoreto College
041 _aEnglish
082 _aF/PLA
_bLCBED/10826
100 _aPlaidy, Jean
245 _aIn the shadow of the crown
_cJean Plaidy
260 _aLondon
_bFontana
_c1990
300 _a554p.
_c 18cm.
650 _aFiction in English
651 _aEnglish literature
850 _aLCBED/F/PLA
942 _cBK
999 _c32862
_d83341